| 000 | 00765nam a2200277 i 4500 | ||
|---|---|---|---|
| 001 | 19287 | ||
| 003 | ES-MaACL | ||
| 005 | 20230906152048.0 | ||
| 007 | t| | ||
| 008 | 020709s1989 sp ||||0| spa d | ||
| 016 | 7 | _zSIC92004511 | |
| 020 | _a84-7720-099-8 | ||
| 040 |
_aM-BN _bspa _cSIC |
||
| 080 | _a242:232 | ||
| 100 | 1 |
_aLópez Benedí, Juan Antonio. _973453 |
|
| 245 | 1 | 0 |
_aIosha / _cJuan A. L. Benedí. |
| 260 |
_aBarcelona : _bObelisco, _c1989. |
||
| 300 |
_a110 p. ; _c21 cm. |
||
| 490 | 1 | _aLa aventura interior | |
| 500 | _aTítulo de la cubierta: Ieshua. | ||
| 600 | 1 | 4 |
_aJesucristo- _vMeditaciones. _966371 |
| 740 | 0 | _aIeshua. | |
| 830 | 0 |
_aLa aventura interior _9184037 |
|
| 852 |
_aES-MaACL _jL-25723 _bR.131177 |
||
| 999 |
_c19287 _d19287 |
||